Statistics for Asian Countries by Borders in 15 Seconds (with a map)

Click here to take the quiz!

General Stats

  • This quiz has been taken 340 times
  • The average score is 32 of 48

Answers on the Map

Answers color-coded by a green-red scale on the quiz's map according to % correct below.
Loading ...
 

Answer Stats

Country % Correct
Pakistan
98%
China
98%
India
97%
Burma
97%
Kyrgyzstan
96%
Kazakhstan
96%
Nepal
96%
Bhutan
96%
Afghanistan
95%
Laos
93%
Tajikistan
92%
Vietnam
92%
Mongolia
92%
North Korea
91%
Iraq
90%
Iran
87%
Turkey
85%
Armenia
85%
Turkmenistan
85%
Azerbaijan
85%
Jordan
84%
Saudi Arabia
83%
Oman
83%
United Arab Emirates
82%
Yemen
82%
Kuwait
77%
Malaysia
74%
Qatar
73%
Indonesia
71%
Syria
63%
East Timor
61%
Thailand
61%
Sri Lanka
53%
Bangladesh
52%
Japan
48%
Israel
46%
Uzbekistan
45%
Cambodia
44%
Lebanon
42%
Georgia
41%
Brunei
27%
South Korea
23%
Philippines
15%
Bahrain
11%
Cyprus
10%
Singapore
8%
Taiwan
6%
Maldives
4%

Score Distribution

Percentile by Number Answered

Percent of People with Each Score

Your Score History

You have not taken this quiz